| 000 | 00000nam##2200000za#4500 |
| 001 | 9.636410 |
| 003 | CaOODSP |
| 005 | 20220217114137 |
| 007 | cr ||||||||||| |
| 008 | 150407|2009||||xxc|||||o f|0| 0 fre|d |
| 020 | |a978-1-100-91508-1 |
| 040 | |aCaOODSP|bfre |
| 043 | |an-cn--- |
| 086 | 1 |aSB4-11/2009F-PDF |
| 110 | 2 |aBibliothèque et archives Canada. |
| 245 | 10|aChangement, choix, espoir - rapport d'étape sur l'Initiative de services de bibliothèque équitables |h[ressource électronique] |
| 260 | |aOttawa - Ontario : |bBibliothèque et Archives Canada |cFévrier 2009. |
| 300 | |a14p. |
| 590 | |a09-35|b2009-08-28 |
| 775 | 08|tChange, choice, hope - a progress report on the Initiative for Equitable Library Access |w(CaOODSP)9.692161 |
| 856 | 40|ahttp://publications.gc.ca|qPDF|s664 Ko|uhttps://publications.gc.ca/collections/collection_2009/collectionscanada/SB4-11-2009F.pdf |